000 00777nmc a2200289 a 4500
003 AR-BaBNM
005 20251128204220.0
008 011101s1994 ||||||||||||||000 | spa||
020 _a950-701-205-2
040 _cAR-BaBNM
100 1 _aFainholc, Beatriz
245 1 0 _aHacia una escuela no sexista
260 _aBuenos Aires
_bAique
_c1994
300 0 _a124 p.
_bil., tablas
490 0 _aTransversal
650 4 _aEDUCACION DE LA MUJER
650 4 _aDISCRIMINACION SEXUAL
650 4 _aEDUCACION NO FORMAL
650 4 _aSISTEMAS ESCOLARES
650 4 _aRELACION FAMILIA-ESCUELA
650 4 _aRELACION ESCUELA-COMUNIDAD
650 4 _aEDUCACION SEXISTA
653 0 _aDISCRIMINACION EDUCATIVA
653 0 _aCAMBIO EDUCATIVO
942 _cBK
998 _cCarmen
999 _c6614
_d6614